Geographical Features from 'G' - Statistics

General Stats
  • This quiz has been taken 63 times
  • The average score is 7 of 16
Answer Stats
Picture Hint Answer % Correct
Desert Gobi
93%
Italian City Genoa
84%
Country Germany
82%
Mexican City Guadalajara
82%
Island Greenland
77%
Indian State Goa
67%
Country Grenada
67%
Chinese City Guangzhou
67%
Overseas Territory Gibraltar
59%
Lake Great Bear
34%
Island Galapagos
26%
Valley Gastein
0%
National Park Golden Gate Highlands
0%
Beach Grace Bay
0%
Geyser Great Fountain
0%
Oasis Guelta d'Archei
0%
No matching quizzes found
Score Distribution
Percent of People with Each Score
Percentile by Number Answered
Your Score History
You have not taken this quiz